Wavelets : a tutorial in theory and applications /

Guardado en:
Otros Autores: Chui, C. K. (Editor )
Formato: Libro
Idioma:English
Publicado: Boston : Academic Press, c1992.
Series:Wavelet analysis and its applications ; v. 2
Materias:
Acceso en línea:Publisher description
Etiquetas: Agregar Etiqueta
Sin Etiquetas, Sea el primero en etiquetar este registro!
LEADER 02877cam a2200241 a 4500
001 MAT.inmabb003222
008 911204s1992####maua#####b####001#0#eng##
005 20120925111902.0
245 0 0 |a Wavelets :  |b a tutorial in theory and applications /  |c edited by Charles K. Chui. 
260 |a Boston :  |b Academic Press,  |c c1992. 
300 |a x, 729 p. :  |b il. ;  |c 24 cm. 
440 0 |a Wavelet analysis and its applications ;  |v v. 2 
504 |a Incluye referencias bibliográficas (p. 701-722) e índice. 
505 0 |a David Pollen, Daubechies' scaling function on [0,3] -- Peter N. Heller, Howard L. Resnikoff and Raymond O. Wells, Jr., Wavelet matrices and the representation of discrete functions -- Gilbert G. Walter, Wavelets and generalized functions -- Guy Battle, Cardinal spline interpolation and the block spin construction of wavelets -- Michael Unser and Akram Aldroubi, Polynomial splines and wavelets -- a signal processing perspective -- Albert Cohen, Biorthogonal wavelets -- Jean-Christophe Feauveau, Nonorthogonal multiresolution analysis using wavelets -- Bradley K. Alpert, Wavelets and other bases for fast numerical linear algebra -- Pascal Auscher, Wavelets with boundary conditions on the interval -- Pascal Auscher, Guido Weiss and M. Victor Wickerhauser, Local sine and cosine bases of Coifman and Meyer and the construction of smooth wavelets -- Wally R. Madych, Some elementary properties of multiresolution analyses of L2(Rn) -- Marc A. Berger and Yang Wang, Multidimensional two-scale dilation equations -- Joachim Stöckler, Multivariate wavelets -- Hans G. Feichtinger and Karlheinz Gröchenig, Gabor wavelets and the Heisenberg group: Gabor expansions and short time Fourier transform form the group theoretical point of view -- Gerry Kaiser and Raymond F. Streater, Windowed Random transforms, analytic signals, and the wave equation -- John J. Benedetto, Irregular sampling and frames -- Akram Aldroubi and Michael Unser, Families of wavelet transforms in connection with Shannon's sampling theory and the Gabor transform -- Kristian Seip, Wavelets in H2(R): sampling, interpolation, and phase space density -- S. Jaffard and Ph. Laurençot, Orthonormal wavelets, analysis of operators, and applications to numerical analysis -- R. A. Gopinath and C. S. Burrus, Wavelet transforms and filter banks -- Jacques Froment and Stéphane Mallat, Second generation compact image coding with wavelets -- Mladen Victor Wickerhauser, Acoustic signal compression with wavelet packets. 
510 4 |a MR,  |c 92k:42001 
020 |a 0121745902 
700 1 |a Chui, C. K.  |q (Charles K.)  |4 edt 
650 0 |a Wavelets (Mathematics) 
084 |a 42C40 (65T60 42-06)  |2 msc2000 
010 |a  91058833  
040 |a DLC  |c DLC  |d DLC  |d OCoLC  |d DLC 
856 4 2 |3 Publisher description  |u http://www.loc.gov/catdir/description/els032/91058833.html 
859 |h 42  |i W355  |p A-6580  |b BIB. MATEMATICA